Educational management of students with autism spectrum disorders / (Record no. 25357)

MARC details
000 -LEADER
fixed length control field 00993nam a22002537a 4500
008 - FIXED-LENGTH DATA ELEMENTS--GENERAL INFORMATION
fixed length control field 090318t xxu||||| |||| 00| 0 eng d
010 ## - LCCN (DPL NO)
LC control number ENG-93219
020 ## - INTERNATIONAL STANDARD BOOK NUMBER
Terms of availability 200.00
International Standard Book Number 9788174430298
035 ## - SYSTEM CONTROL NUMBER
System control number EN-76752
037 ## - SOURCE OF ACQUISITION
Source of stock number/acquisition DBAD / PUB
040 ## - CATALOGING SOURCE
Original cataloging agency dpl
Language of cataloging English
082 ## - DEWEY DECIMAL CLASSIFICATION NUMBER
Classification number 371.92
100 ## - MAIN ENTRY--PERSONAL NAME
Personal name Chari, Mythily
245 ## - TITLE STATEMENT
Title Educational management of students with autism spectrum disorders /
Statement of responsibility, etc by Mythily Chari [and] Satyan Chari
260 ## - PUBLICATION, DISTRIBUTION, ETC. (IMPRINT)
Date of publication, distribution, etc 2008
Place of publication, distribution, etc Hyderabad
Name of publisher, distributor, etc Prachee Publications
270 ## - ADDRESS
Address 3-3-859/A/1, Lane opp. Arya Samaj Kachiguda,
City Hyderabad
Postal code 600027
300 ## - PHYSICAL DESCRIPTION
Extent 162p.:
Dimensions 28cm (pbk)
Other physical details ill.
500 ## - GENERAL NOTE
General note Includes references
650 ## - SUBJECT ADDED ENTRY--TOPICAL TERM
Topical term or geographic name as entry element Autistic children
General subdivision Education
650 ## - SUBJECT ADDED ENTRY--TOPICAL TERM
Topical term or geographic name as entry element Autism in children.
700 ## - ADDED ENTRY--PERSONAL NAME
Personal name Chari, Satyan
942 ## - ADDED ENTRY ELEMENTS (KOHA)
Source of classification or shelving scheme Dewey Decimal Classification
Item type English Books
Call number suffix CHA
Classification part 371.92
Holdings
Withdrawn status Lost status Source of classification or shelving scheme Damaged status Not for loan Collection code Home library Current library Date acquired Source of acquisition Cost, normal purchase price Total Checkouts Full call number Barcode Date last seen Copy number Cost, replacement price Koha item type
    Dewey Decimal Classification   Not For Loan Non-fiction D.B.Act.Division D.B.Act.Division 18/03/2009 DBAD / PUB 200.00   371.92 CHA EN-76752 18/03/2009 1 200.00 English Books

© Delhi Public Library
Hit Counter
free hit counter